000 00870nam a2200265Ia 4500
003 OSt
005 20220927103231.0
006 a|||||r|||| 00| 0
007 ta
008 220926b |||||||| |||| 00| 0 eng d
024 _a87740
037 _cReference Collections
040 _aRTL
_cRTL
_beng
041 _2eng
_aeng
082 _a"Y:5:(B28)::7918.N4, H9/UN"
110 _a"United Nations, Social Affairs (Deptt of-)"
245 0 _aMethods of using census statistics
260 _aNew
_bYork United Nations USA
_c1949
300 _av; 60p
_ccm.
490 _a"Its, Population Studies. 7. Its, Reports on Methods of Population Statistics, 7"
650 _aFamily Planning
_9355872
700 _a"United Nations, Social Affairs (Deptt of-)"
942 _h"Y:5:(B28)::7918.N4, H9/UN"
_cCC
999 _c682194
_d682194